مسابقة خريطة أمريكا الجنوبية - Statistics

الإحصائيات العامة
  • هذا الإختبار تم الخضوع له 601 مره
  • الدرجة المتوسطة هي 8 من 14
Answers on the Map
Answers color-coded by a green-red scale on the quiz's map according to % correct below.
 
إحصائيات الإجابة
Answer % صحيح
البرازيل
91%
الأرجنتين
83%
تشيلي
74%
باراغواي
59%
كولومبيا
58%
بيرو
57%
فنزويلا
55%
أوروغواي
53%
بوليفيا
53%
جزر فوكلاند (المملكة المتحدة)
53%
الاكوادور
52%
غيانا الفرنسية
46%
سورينام
39%
غيانا
34%
No matching quizzes found
توزيع النقاط
نسبة الأشخاص لكل درجة
النسبة وفقا للأرقام
سجل النقاط الخاصة بك
لم تضخع لهذا الإختبار